000 00915cad a22001935a 4500
001 L152624
008 110406s2011 xxk 000 0 eng d
035 _a(Sirsi) u152624
041 0 _aeng
100 1 _aMiller, Joshua
245 0 0 _aSoft-signalling
_ba new approach to house price bubbles
_h[electronic resource]
490 _aRICS Economic Research
_vMarch 2011
520 _aNotes that independent central banks are reluctant to use interest rates to counter house price bubbles and property cycles. Emergence of macro prudential regulatory frameworks. Refers to model pioneered by Riksbank in Sweden.
590 _aKA
651 4 _aINTERNATIONAL
690 _aPROPERTY-RESIDENTIAL PROPERTY-RESIDENTIAL PROPERTY MARKET
856 4 0 _uwww.rics.org/Global/Downloads/RICS_Economic_Research_Soft-signalling_a_new_approach_to_house_price_bubbles.pdf
_zView this item free of charge at www.rics.org
942 _n0
999 _c83035
_d83035